书目信息 |
| 题名: |
考研英语全面透析
|
|
| 作者: | 许建平 , 杨朝春 编著 | |
| 分册: | 上 | |
| 出版信息: | 北京 科学出版社 2004.5 |
|
| 页数: | 301页 | |
| 开本: | 26cm | |
| 丛书名: | ||
| 单 册: | ||
| 中图分类: | H31 | |
| 科图分类: | ||
| 主题词: | 英语--ying yu--研究生--入学考试--升学参考资料 , 英语--ying yu | |
| 电子资源: | ||
| ISBN: | 7-03-013234-3 | |
| 000 | 01110cam0 2200289 450 | |
| 001 | 012006010330 | |
| 005 | 20060329101010.1 | |
| 010 | @a7-03-013234-3@dCNY28.00 | |
| 100 | @a20050716d2004 em y0chiy0121 ea | |
| 101 | 0 | @achi@aeng |
| 102 | @aCN@b110000 | |
| 105 | @ay z 000yy | |
| 200 | 1 | @a考研英语全面透析@Akao yan ying yu quan mian tou xi@h上@f许建平,杨朝春编著 |
| 210 | @a北京@c科学出版社@d2004.5 | |
| 215 | @a301页@d26cm | |
| 314 | @a许建平,清华大学外语系教授,研究生英语考试命题专家,共同编著有《考研英语全面透析》等。 | |
| 314 | @a杨朝春,清华大学外语系教师,共同编著有《考研英语全面透析》等。 | |
| 330 | @a本书以考试大纲为依据,考点为切入点,通过精心设计的提问方式,详尽的讲解分析了研究生入学英语全国统一考试项目的命题要求和解题方法、解题步骤。 | |
| 333 | @a阅读对象:参加研究生英语考试人员等 | |
| 606 | 0 | @a英语@Aying yu@x研究生@x入学考试@j升学参考资料 |
| 606 | 0 | @a英语@Aying yu |
| 690 | @aH31@v4 | |
| 701 | 0 | @a许建平@Axu jian ping @4编著 |
| 701 | 0 | @a杨朝春@Ayang chao chun@4编著 |
| 801 | 0 | @aCN@bSRXX@c20050408 |
| 801 | 2 | @aCN@bSRXX@c20060329 |
| 905 | @a10447@dH31@eX870 | |
| 考研英语全面透析.上/许建平,杨朝春编著.-北京:科学出版社,2004.5 |
| 301页;26cm |
| 使用对象:阅读对象:参加研究生英语考试人员等 |
| ISBN 7-03-013234-3:CNY28.00 |
| 本书以考试大纲为依据,考点为切入点,通过精心设计的提问方式,详尽的讲解分析了研究生入学英语全国统一考试项目的命题要求和解题方法、解题步骤。 |
| ● |
| 相关链接 |
|
|
|
正题名:考研英语全面透析
索取号:H31/X870
 
预约/预借
| 序号 | 登录号 | 条形码 | 馆藏地/架位号 | 状态 | 备注 |
| 1 | 548859 | 205488596 | 语言库209/209语言库 88排4列3层/ [索取号:H31/X870] | 在馆 | |
| 2 | 548860 | 205488603 | 语言库209/209语言库 88排4列3层/ [索取号:H31/X870] | 在馆 | |
| 3 | 548861 | 205488612 | 语言库209/ [索取号:H31/X870] | 在馆 |